Republican Senators That Have Lost Their Reelection Since 2000 - Statistics

General Stats
  • This quiz has been taken 36 times
  • The average score is 16 of 27
Answer Stats
State and Year Senator % Correct
Georgia, 2020 David Perdue
94%
Georgia, 2020 Kelly Loeffler
84%
Arizona, 2020 Martha McSally
84%
Massachusetts, 2012 Scott Brown
81%
New Hampshire, 2016 Kelly Ayotte
74%
North Carolina, 2008 Elizabeth Dole
71%
Colorado, 2020 Cory Gardner
68%
Nevada, 2018 Dean Heller
68%
New Hampshire, 2008 John Sununu
68%
Illinois, 2016 Mark Kirk
68%
Pennsylvania, 2006 Rick Santorum
68%
Ohio, 2006 Mike DeWine
65%
Minnesota, 2008 Norm Coleman
58%
Alaska, 2008 Ted Stevens
58%
Rhode Island, 2006 Lincoln Chafee
55%
Virginia, 2006 George Allen
52%
Missouri, 2006 Jim Talent
52%
New Hampshire, 2002 Bob Smith
45%
Montana, 2006 Conrad Burns
45%
Indiana, 2012 Richard Lugar
45%
Washington, 2000 Slade Gorton
45%
Oregon, 2008 Gordon Smith
42%
Missouri, 2000 John Ashcroft
42%
Michigan, 2000 Spencer Abraham
42%
Arkansas, 2002 Tim Hutchinson
35%
Delaware, 2000 Bill Roth
32%
Minnesota, 2000 Rod Grams
23%
No matching quizzes found
Score Distribution
Percent of People with Each Score
Percentile by Number Answered
Your Score History
You have not taken this quiz